Μαθήματα στοχαστικών διαδικασιών
Αποθηκεύτηκε σε:
| Κύριος συγγραφέας: | |
|---|---|
| Μορφή: | Βιβλίο |
| Γλώσσα: | Greek |
| Δημοσίευση: |
Πειραιάς :
Α. Σταμούλης,
1991.
|
| Θέματα: | |
| Ετικέτες: |
Προσθήκη ετικέτας
Δεν υπάρχουν, Καταχωρήστε ετικέτα πρώτοι!
|
MARC
| LEADER | 00000cam a2200000 i 4500 | ||
|---|---|---|---|
| 001 | 1/26295 | ||
| 008 | 130221s1991 gr | ||| ||| ||gre|| | ||
| 035 | |l 10113805 | ||
| 040 | |a GR-MyUA |b gre |e AACR2 | ||
| 041 | 0 | |a gre | |
| 082 | 0 | |a 519.233 |2 (22) | |
| 100 | 1 | |a Αρτίκης, Θεόδωρος Π. | |
| 245 | 1 | 0 | |a Μαθήματα στοχαστικών διαδικασιών / |c Θεόδωρος Π. Αρτίκης. |
| 260 | |a Πειραιάς : |b Α. Σταμούλης, |c 1991. | ||
| 300 | |a 3 τ. (174 σ., 184 σ.) ; |c 24 εκ. | ||
| 504 | |a Περιέχει βιβλιογραφικές αναφορές. | ||
| 505 | 0 | |a Τ. 1. Ομογενείς αλυσίδες Markov διακριτής παραμέτρου -- τ. 3. Ομογενείς αλυσίδες Markov συνεχούς παραμέτρου. | |
| 650 | 0 | 0 | |a Stochastic processes. |
| 650 | 0 | 0 | |a Markov processes. |
| 650 | 0 | 0 | |a Random variables. |
| 740 | 0 | 2 | |a Ομογενείς αλυσίδες Markov διακριτής παραμέτρου |
| 740 | 0 | 2 | |a Ομογενείς αλυσίδες Markov συνεχούς παραμέτρου |
| 852 | |a INST |b SAMOS |c EUDOXUS |e 20130221 |h 519.233 ΑΡΤ |p 005300033383 |q 005300033383 |t EDX |y 0 |z τ.1 | ||
| 852 | |a INST |b SAMOS |c EUDOXUS |e 20130221 |h 519.233 ΑΡΤ |p 005300033384 |q 005300033384 |t EDX |y 0 |z τ.1 | ||
| 852 | |a INST |b SAMOS |c EUDOXUS |e 20140115 |h 519.233 ΑΡΤ |p 005300036275 |q 005300036275 |t EDX |y 0 |z τ.1 | ||
| 852 | |a INST |b SAMOS |c EUDOXUS |e 20130919 |h 519.233 ΑΡΤ |p 005300040527 |q 005300040527 |t EDX |y 0 |z τ.1 | ||
| 852 | |a INST |b SAMOS |c EUDOXUS |e 20130919 |h 519.233 ΑΡΤ |p 005300040528 |q 005300040528 |t EDX |y 0 |z τ.1 | ||
| 852 | |a INST |b SAMOS |c EUDOXUS |e 20131015 |h 519.233 ΑΡΤ |p 005300040653 |q 005300040653 |t EDX |y 0 |z τ.3 | ||
| 852 | |a INST |b SAMOS |c EUDOXUS |e 20131015 |h 519.233 ΑΡΤ |p 005300040654 |q 005300040654 |t EDX |y 0 |z τ.3 | ||
| 852 | |a INST |b SAMOS |c EUDOXUS |e 20131015 |h 519.233 ΑΡΤ |p 005300040655 |q 005300040655 |t EDX |y 0 |z τ.3 | ||
| 852 | |a INST |b SAMOS |c EUDOXUS |e 20131015 |h 519.233 ΑΡΤ |p 005300040656 |q 005300040656 |t EDX |y 0 |z τ.3 | ||
| 852 | |a INST |b SAMOS |c EUDOXUS |e 20130221 |h 519.233 ΑΡΤ |p 005300033383 |q 005300033383 |t EDX |v τ.1: |y 0 |z τ.1 | ||
| 852 | |a INST |b SAMOS |c EUDOXUS |e 20130221 |h 519.233 ΑΡΤ |p 005300033384 |q 005300033384 |t EDX |v τ.1: |y 0 |z τ.1 | ||
| 852 | |a INST |b SAMOS |c EUDOXUS |e 20140115 |h 519.233 ΑΡΤ |p 005300036275 |q 005300036275 |t EDX |v τ.1: |y 0 |z τ.1 | ||
| 852 | |a INST |b SAMOS |c EUDOXUS |e 20130919 |h 519.233 ΑΡΤ |p 005300040527 |q 005300040527 |t EDX |v τ.1: |y 0 |z τ.1 | ||
| 852 | |a INST |b SAMOS |c EUDOXUS |e 20130919 |h 519.233 ΑΡΤ |p 005300040528 |q 005300040528 |t EDX |v τ.1: |y 0 |z τ.1 | ||
| 852 | |a INST |b SAMOS |c EUDOXUS |e 20131015 |h 519.233 ΑΡΤ |p 005300040653 |q 005300040653 |t EDX |v τ.3: |y 0 |z τ.3 | ||
| 852 | |a INST |b SAMOS |c EUDOXUS |e 20131015 |h 519.233 ΑΡΤ |p 005300040654 |q 005300040654 |t EDX |v τ.3: |y 0 |z τ.3 | ||
| 852 | |a INST |b SAMOS |c EUDOXUS |e 20131015 |h 519.233 ΑΡΤ |p 005300040655 |q 005300040655 |t EDX |v τ.3: |y 0 |z τ.3 | ||
| 852 | |a INST |b SAMOS |c EUDOXUS |e 20131015 |h 519.233 ΑΡΤ |p 005300040656 |q 005300040656 |t EDX |v τ.3: |y 0 |z τ.3 | ||
| 852 | |a INST |b SAMOS |c EUDOXUS |e 20160415 |h 519.233 ΑΡΤ |p 005300043458 |q 005300043458 |t EDX |v τ.1: |y 23 | ||
| 853 | |a INST |b SAMOS |c EUDOXUS |h 519.233 ΑΡΤ | ||
| 901 | |a BIBL3-2014-1 | ||
| 901 | |a BIBL3-2013-3 | ||
| 901 | |a BIBL3-2013-3 | ||
| 901 | |a BIBL3-2013-1 | ||
| 909 | |a Σ |b 184371 | ||
| 909 | |a Σ |b 178846 | ||
| 909 | |a Σ |b 178847 | ||
| 909 | |a Σ |b 178848 | ||
| 909 | |a Σ |b 178849 | ||
| 909 | |a Σ |b 178734 | ||
| 909 | |a Σ |b 178733 | ||
| 909 | |a Σ |b 172607 | ||
| 909 | |a Σ |b 172608 | ||
| 920 | |a ΕΥΔΟΞΟΣ |b ΠΑΡΑΓΓΕΛΙΑ -ΤΣΧΑΜ |y Σάμος |z 2013-12 | ||
| 920 | |a ΕΥΔΟΞΟΣ |b ΠΑΡΑΓΓΕΛΙΑ-ΤΣΑΧΜ |y Σάμος |z 2013-05 | ||
| 920 | |a Εύδοξος |b Επιστροφή |y Σάμος |z 2015-04 | ||
| 920 | |a ΕΥΔΟΞΟΣ |b ΠΑΡΑΓΓΕΛΙΑ |y Σάμος-ΤΣΑΧΜ |z 2013-02 | ||
| 970 | |a ΚΟΣΙΕΡΗΣ |b ΧΡΗΣΤΟΣ |z 2013/02/21 | ||